Normal view
MARC view
Entry Geographic Name
001 - CONTROL NUMBER
- control field: 229727
003 - CONTROL NUMBER IDENTIFIER
- control field:
005 - DATE AND TIME OF LATEST TRANSACTION
- control field: 20210601203001.0
008 - FIXED-LENGTH DATA ELEMENTS
- fixed length control field: 210601|| aca||aabn | a|a d
040 ## - CATALOGING SOURCE
- Original cataloging agency:
- Transcribing agency:
151 ## - HEADING--GEOGRAPHIC NAME
- Geographic name: Europe, Eastern
- General subdivision: Economic conditions
- Chronological subdivision: 1919-1975
670 ## - SOURCE DATA FOUND
- Source citation: Work cat.: (): The economic history of Eastern Europe 1919-1975 /, 1985-
